Countries Blondie has Visited - Statistics

General Stats
  • This quiz has been taken 56 times
    10 since last reset
  • The average score is 36 of 41
Answer Stats
Continent Country % Correct
South America Argentina
100%
Oceania Australia
100%
Europe Austria
100%
Europe Belgium
100%
South America Brazil
100%
North America Canada
100%
South America Colombia
100%
Europe Denmark
100%
Europe Finland
100%
Europe France
100%
Europe Germany
100%
Europe Greece
100%
Europe Hungary
100%
Europe Ireland
100%
Europe Italy
100%
Europe Luxembourg
100%
Oceania New Zealand
100%
Europe Norway
100%
Europe Poland
100%
Asia/ Europe Russia
100%
Asia South Korea
100%
Europe Sweden
100%
Europe the Netherlands
100%
Asia/ Europe Turkey
100%
Europe United Kingdom
100%
North America United States of America
100%
North America Costa Rica
75%
Europe Croatia
75%
North America Cuba
75%
Asia Japan
75%
North America Mexico
75%
South America Peru
75%
Europe Portugal
75%
Asia Singapore
75%
Europe Slovenia
75%
Europe Spain
75%
Asia Thailand
75%
Asia Israel
50%
Europe Serbia
50%
Europe Switzerland
50%
Asia United Arab Emirates
50%
No matching quizzes found
Score Distribution
Percent of People with Each Score
Percentile by Number Answered
Your Score History
You have not taken this quiz since the last reset